000 00507nam a22001937a 4500
003 CEME
005 20210628210240.0
008 210216b xxu||||| |||| 00| 0 eng d
020 _a0-7106-1899-9
040 _c.
082 _a355-JAH JAN
100 _aGander, Terry.J Cutshaw, Charles.Q
_978726
245 _aJanes ammunition handbook 1999-2000
250 _a8TH
260 _aUSA
_bJANES INFORMATION GROUP
_c1999
300 _a670P
650 _aAMMUNITION HANDBOOK-JANES
_978727
942 _cBK
_2ddc
999 _c583817
_d583817